Zákulisí německých dějin

Uložené v:
Podrobná bibliografia
Médium: Kniha
Jazyk:Czech
Vydavateľské údaje: Brno Rovnost 1949
Tagy: Pridať tag
Žiadne tagy, Buďte prvý, kto otaguje tento záznam!

MARC

LEADER 00000nam a2200000 4500
001 0308442
005 20250505093948.9
041 0 |a cze 
044 |a CZ 
245 1 0 |a Zákulisí německých dějin  |c Albert Norden 
264 1 |a Brno  |b Rovnost  |c 1949